Marvel Heroes Starting with L (by picture) - Statistics

General Stats
  • This quiz has been taken 68 times
  • The average score is 6 of 12
Answer Stats
Picture Answer % Correct
Luke Cage
98%
Lockjaw
81%
Lady Deadpool
75%
Lockheed
60%
Living Mummy
53%
Longshot
53%
Lady Fantomex
42%
Lionheart
38%
Lightspeed
28%
Lifeguard
26%
Living Lightning
25%
Lyja the Laserfist
17%
No matching quizzes found
Score Distribution
Percent of People with Each Score
Percentile by Number Answered
Your Score History
You have not taken this quiz